| 000 | 00945nam a2200289Ia 4500 | ||
|---|---|---|---|
| 001 | Para_9104 | ||
| 003 | CHAP | ||
| 008 | 220125s1977 xx 000 0 und d | ||
| 010 | _a207827 | ||
| 020 | _a968 - 24 - 0585 - 8 | ||
| 040 | _cCHAP | ||
| 082 | _aPA 371.332 G34 | ||
| 100 |
_aGago Huguet, Antonio _944168 |
||
| 245 |
_aElaboración de cartas descriptivas : _b guía para preparar el programa de un curso / _c Antonio Gago Huguet |
||
| 260 |
_aMéxico, D.F. : _b Trillas |
||
| 300 | _a115 p. | ||
| 440 |
_aCursos básicos para formación de profesores. Sistematización de la enseñanza: Organización de la actividad docente; 2 _9174306 |
||
| 650 |
_aEducación _x curriculo _935429 |
||
| 650 |
_aEducación _x metodología _935463 |
||
| 901 | _aPA 371.332 G34 | ||
| 902 | _aM | ||
| 905 | _a3232201977 2003 mx i 8000000300spa26 | ||
| 910 | _a1977 | ||
| 942 | _cPARA | ||
| 942 |
_cPARA _d1 |
||
| 999 |
_c207827 _d207827 |
||